| 000 | 01101nam0a22002771 4500 | ||
|---|---|---|---|
| 001 | rc\4763848 | ||
| 005 | 20260407220011.0 | ||
| 021 |
_aRU _b[62-64155] |
||
| 035 | _a(NLR Aleph) 009018793 | ||
| 090 |
_a9414896 _c9414896 |
||
| 100 | _a20130417d1962 |||y0rusy50 ca | ||
| 101 | 0 | _arus | |
| 102 | _aRU | ||
| 105 | _ay z ||||| | ||
| 200 | 1 |
_aДоклады советских ученых к XVI Международному конгрессу по садоводству. (г. Брюссель, Бельгия) _fМ-во сел. хозяйства СССР |
|
| 210 |
_aМосква _c[Сельхозиздат] _d1962 |
||
| 215 |
_a403 с. _d20 |
||
| 606 |
_aОвощеводство СССР _2psbo |
||
| 606 |
_aДекоративное садоводство СССР _2psbo |
||
| 606 |
_aПлодоводство СССР _2psbo |
||
| 710 | 1 | 2 |
_aМеждународный конгресс по садоводству _d16 _f1962 _eБрюссель _3RU\NLR\AUTH\8810146238 _9786830 |
| 801 | 0 |
_aRU _bNLR _gpsbo |
|
| 801 | 1 |
_aRU _bELAR _2rusmarc |
|
| 852 |
_aNLR _j62-3/4633 |
||
| 942 | _cBOOK | ||
| 980 | _aNB | ||